Imiona żeńskie na K w rejestrze PESEL - Statystyki

Ogólne statystyki
  • Ten quiz został rozwiązany 234 razy
  • Średni wynik to 10 z 14
Statystyki odpowiedzi
Odpowiedź % Poprawnych
1 Katarzyna
95%
9 Kateryna
95%
3 Karolina
90%
6 Kamila
85%
14 Khrystyna
77%
8 Kornelia
77%
2 Krystyna
77%
5 Kinga
76%
4 Klaudia
67%
12 Kaja
59%
13 Kalina
53%
11 Klara
52%
10 Karina
51%
7 Kazimiera
41%
Nie znaleziono quizów pasujących do podanych kryteriów
Rozkład punktacji
Procent ludzi z każdym wynikiem
Percentyl według liczby udzielonych odpowiedzi
Twoja historia wyników
Nie rozwiązałeś tego quizu